Foresight ako cesta dlhodobého progresu

Pojem foresight. Súčasti foresightu - prognózovanie, strategické plánovanie. Historický vývoj foresightu. Hlavné princípy a ciele foresightu. Nedostatky v procese foresightu. Aj napriek svojím prekážkam a nevýhodám môže správne vypracovaný foresight priniesť značnú konkurenčnú výhodu.

Saved in:
Bibliographic Details
Main Author: Melich, Pavel
Format: Book Chapter
Language:Slovak
Subjects:
Tags: Add Tag
No Tags, Be the first to tag this record!

MARC

LEADER 00000nla a2200000 4500
001 0226531
005 20240502073728.1
041 0 |a slo 
044 |a SK 
245 1 0 |a Foresight ako cesta dlhodobého progresu  |c Pavel Melich 
520 |a Pojem foresight. Súčasti foresightu - prognózovanie, strategické plánovanie. Historický vývoj foresightu. Hlavné princípy a ciele foresightu. Nedostatky v procese foresightu. Aj napriek svojím prekážkam a nevýhodám môže správne vypracovaný foresight priniesť značnú konkurenčnú výhodu. 
610 2 0 |a prognózovanie 
610 2 0 |a plánovanie strategické 
610 2 0 |a foresight 
610 2 0 |a pojmy 
610 2 0 |a definície 
610 2 0 |a história 
610 2 0 |a výhody konkurenčné 
100 1 |a Melich, Pavel